000 00248nam a22001217a 4500
008 181207b xxu||||| |||| 00| 0 eng d
041 _aeng
080 _a316
100 _a50
101 _asoc
245 _aSociology
_cGreen.A.W
942 _2udc
_cBK
999 _c52986
_d52986